Planning on the edge (Record no. 105391)

MARC details
000 -LEADER
fixed length control field 01290cad a2200265Sa 4500
001 - CONTROL NUMBER
control field ##L133398
008 - FIXED-LENGTH DATA ELEMENTS--GENERAL INFORMATION
fixed length control field 060505s2006 xxk f 000 0 eng u
020 ## - INTERNATIONAL STANDARD BOOK NUMBER
International Standard Book Number 9780415402903
-- 0415402905
-- 9780203099193
035 ## - SYSTEM CONTROL NUMBER
System control number (Sirsi) u133398
041 0# - LANGUAGE CODE
Language code of text/sound track or separate title eng
050 04 - LIBRARY OF CONGRESS CALL NUMBER
Classification number 711.554 $2 18
100 1# - MAIN ENTRY--PERSONAL NAME
Personal name Gallent, Nick
245 00 - TITLE STATEMENT
Title Planning on the edge
Remainder of title the context for planning at the rural-urban fringe
260 ## - PUBLICATION, DISTRIBUTION, ETC.
Place of publication, distribution, etc. Abingdon
Name of publisher, distributor, etc. Routledge
Date of publication, distribution, etc. 2006
300 ## - PHYSICAL DESCRIPTION
Extent xvi, 232pp
Dimensions 24cm.
350 ## - PRICE (NR) (BK AM CF MU VM SE) [OBSOLETE]
Price 29.99
505 0# - FORMATTED CONTENTS NOTE
Formatted contents note Part one: the rural-urban fringe -- Part two: multiple fringes -- Part three: planning on the edge -- References.
520 ## - SUMMARY, ETC.
Summary, etc. Investigates what the rural-urban fringe, planning's last frontier, is and what has underpinned its development. Examines the context for planning and other forms of policy intervention at the fringe and how in future the edges of towns and cities might be more effectively managed and planned. Challenges the wisdom of over-designing landscapes, arguing that the fringe is an integral and inevitable part of the urban system and a product of largely organic processes.
590 ## - LOCAL NOTE (RLIN)
Local note IKA010806
651 #4 - SUBJECT ADDED ENTRY--GEOGRAPHIC NAME
Geographic name England
Chronological subdivision 886-
690 ## - LOCAL SUBJECT ADDED ENTRY--TOPICAL TERM (OCLC, RLIN)
Topical term or geographic name as entry element Planning and development
9 (RLIN) 6259
700 1# - ADDED ENTRY--PERSONAL NAME
Personal name Andersson, Johan
700 1# - ADDED ENTRY--PERSONAL NAME
Personal name Bianconi, Marco
942 ## - ADDED ENTRY ELEMENTS (KOHA)
Suppress in OPAC 0
Holdings
Withdrawn status Lost status Source of classification or shelving scheme Damaged status Not for loan Home library Current library Shelving location Date acquired Cost, normal purchase price Total Checkouts Full call number Barcode Date last seen Date last checked out Copy number Cost, replacement price Price effective from Koha item type
    Dewey Decimal Classification     London London Books 20/07/2006 29.99 4 711.554 GAL 30073096 06/08/2019 21/02/2008 1 29.99 06/08/2019 Book